[Event "candidates sf (w)"]
[Site "Tallinn URS"]
[Date "1977.??.??"]
[Round "1.1"]
[White "Akhmylovskaya, Elena"]
[Black "Chiburdanidze, Maia"]
[Result "1-0"]
[WhiteElo "2280"]
[BlackElo "2340"]
[EventDate "1977.09.??"]
[PlyCount "61"]

1.e4 c5 2.Nf3 d6 3.d4 cxd4 4.Nxd4 Nf6 5.Nc3 a6 6.a4 g6 7.f4 Bg7 8.Nf3 O-O 
9.Bd3 Nc6 10.O-O Bg4 11.h3 Bxf3 12.Qxf3 Nb4 13.Rf2 Qc7 14.Bd2 Nd7 15.Kh1 
Nc5 16.f5 Rad8 17.Raf1 Qd7 18.Bg5 Ncxd3 19.cxd3 Rc8 20.Qg3 Rc7 21.Rf3 Rc5 
22.Qh4 Rc7 23.Qf2 Rc5 24.d4 Rcc8 25.Qh4 Rc7 26.e5 gxf5 27.Bh6 f6 28.Rxf5 
dxe5 29.dxe5 Nd5 30.Nxd5 Qxd5 31.Bxg7 1-0

[Event "candidates sf (w)"]
[Site "Tallinn URS"]
[Date "1977.??.??"]
[Round "1.2"]
[White "Chiburdanidze, Maia"]
[Black "Akhmylovskaya, Elena"]
[Result "1-0"]
[WhiteElo "2340"]
[BlackElo "2280"]
[EventDate "1977.09.??"]
[PlyCount "173"]

1.e4 g6 2.d4 Bg7 3.Nc3 d6 4.Nf3 Nf6 5.Bc4 Nxe4 6.Nxe4 d5 7.Bd3 dxe4 8.Bxe4
Nd7 9.O-O O-O 10.c3 c5 11.Bc2 cxd4 12.Nxd4 Nc5 13.Qe2 Ne6 14.Nxe6 Bxe6 15.
Be3 Qc7 16.Bb3 Bxb3 17.axb3 a6 18.b4 b5 19.Bc5 Rfe8 20.Rfd1 e6 21.Qf3 Rec8
22.Rd3 h5 23.Rad1 Rd8 24.Rd6 Bf8 25.Bb6 Qxd6 26.Bxd8 Rxd8 27.Rxd6 Rxd6 28.
g3 Rd2 29.Qa8 Rd6 30.b3 Rd3 31.c4 Rxb3 32.c5 Rxb4 33.c6 Rc4 34.Qb7 Bd6 35.
Qd7 Be5 36.f4 Bb8 37.Qc8+ Kg7 38.Qxa6 Rc1+ 39.Kg2 b4 40.Qb6 b3 41.Qxb8 
Rxc6 42.Qxb3 Rc5 43.Kf3 g5 44.fxg5 Rxg5 45.h3 Kh7 46.Ke4 Rd5 47.Qb8 Kg7 
48.Qb3 Kh7 49.Qb1 Kg7 50.Qa1+ Kg6 51.Qh8 Rg5 52.Qg8+ Kf6 53.Qd8+ Kg6 54.
Qf8 Rf5 55.g4 hxg4 56.hxg4 Rd5 57.Qg8+ Kf6 58.Qh8+ Kg6 59.Kf4 Rc5 60.Qg8+ 
Kf6 61.g5+ Ke7 62.g6 Rf5+ 63.Ke4 fxg6 64.Qxg6 Kd6 65.Qg7 Rb5 66.Qg3+ Kd7 
67.Qa3 Rd5 68.Qb4 Rf5 69.Qb7+ Kd8 70.Qb8+ Kd7 71.Kd4 Rd5+ 72.Kc4 Ke7 73.
Qg8 Rf5 74.Qg6 Kd7 75.Qg3 Rd5 76.Qg7+ Ke8 77.Qf6 Kd7 78.Qf7+ Kd6 79.Qe8 
Rc5+ 80.Kb4 Rd5 81.Qd8+ Ke5 82.Qe7 Kf5 83.Kc3 Ke5 84.Qf8 Rd7 85.Qh8+ Kf5 
86.Kc4 Rd5 87.Qg7 1-0

[Event "candidates sf (w)"]
[Site "Tallinn URS"]
[Date "1977.??.??"]
[Round "1.3"]
[White "Akhmylovskaya, Elena"]
[Black "Chiburdanidze, Maia"]
[Result "1/2-1/2"]
[WhiteElo "2280"]
[BlackElo "2340"]
[EventDate "1977.09.??"]
[PlyCount "82"]

1.e4 c5 2.Nf3 d6 3.d4 cxd4 4.Qxd4 Bd7 5.c4 Nc6 6.Qd2 g6 7.b3 Bg7 8.Bb2 Nf6
9.Nc3 O-O 10.h3 Qa5 11.Bd3 a6 12.a3 Rfc8 13.b4 Qd8 14.Nd5 e6 15.Nxf6+ Bxf6
16.O-O Bxb2 17.Qxb2 e5 18.Rac1 Qf6 19.Qe2 Nd8 20.Qe3 Ne6 21.Rfd1 Bc6 22.
Bf1 Rd8 23.g3 Qe7 24.Bd3 Qc7 25.Ng5 Nd4 26.Nf3 Ne6 27.h4 a5 28.b5 Be8 29.
Qe2 f6 30.Ne1 Qg7 31.Qe3 Rac8 32.Bf1 Nc5 33.Bh3 Rc7 34.Nd3 Nxd3 35.Be6+ 
Bf7 36.Bxf7+ Qxf7 37.Qxd3 Rc5 38.Rc2 Qc7 39.Qf3 Kg7 40.Qd3 Kf7 41.Qb3 Ke7 
1/2-1/2

[Event "candidates sf (w)"]
[Site "Tallinn URS"]
[Date "1977.??.??"]
[Round "1.4"]
[White "Chiburdanidze, Maia"]
[Black "Akhmylovskaya, Elena"]
[Result "1-0"]
[WhiteElo "2340"]
[BlackElo "2280"]
[EventDate "1977.09.??"]
[PlyCount "99"]

1.e4 e5 2.Nf3 Nc6 3.Bb5 a6 4.Ba4 Nf6 5.O-O Be7 6.Re1 b5 7.Bb3 d6 8.c3 O-O 
9.h3 h6 10.d4 Re8 11.Nbd2 Bf8 12.Nf1 Bb7 13.Ng3 Na5 14.Bc2 Nc4 15.b3 Nb6 
16.a4 bxa4 17.bxa4 a5 18.Bd3 g6 19.Ba3 Nfd7 20.Qc2 Bg7 21.d5 Rf8 22.c4 Nc5
23.Bxc5 dxc5 24.Nd2 Bc8 25.Nb3 Qd6 26.Ne2 Bd7 27.Nc3 c6 28.Red1 cxd5 29.
Nxd5 Nxd5 30.cxd5 c4 31.Bxc4 Rfc8 32.Qe2 Qb4 33.Nd2 h5 34.Rdb1 Qc3 35.Bb5 
Bxb5 36.axb5 Bf8 37.Nf3 Bb4 38.Qd1 Qc7 39.Rc1 Qe7 40.Rc6 Rd8 41.Qc2 Rab8 
42.Qc4 g5 43.g3 Kg7 44.Rc1 Rb7 45.b6 Rdb8 46.Qb5 Rd7 47.R1c2 Rdb7 48.Kg2 
Rd7 49.Rc7 Rxc7 50.Rxc7 1-0

[Event "candidates sf (w)"]
[Site "Tallinn URS"]
[Date "1977.??.??"]
[Round "1.5"]
[White "Akhmylovskaya, Elena"]
[Black "Chiburdanidze, Maia"]
[Result "1/2-1/2"]
[WhiteElo "2280"]
[BlackElo "2340"]
[EventDate "1977.09.??"]
[PlyCount "133"]

1.e4 c5 2.Nf3 d6 3.Nc3 Nf6 4.d4 cxd4 5.Qxd4 Nc6 6.Bb5 Bd7 7.Bxc6 Bxc6 8.
Bg5 e6 9.O-O-O Be7 10.Rhe1 O-O 11.Qd2 Qc7 12.Nd4 Rfd8 13.f4 b5 14.Qe2 b4 
15.Ncb5 Bxb5 16.Nxb5 Qb6 17.Nd4 Rac8 18.Kb1 Rd7 19.Rd2 h6 20.Bxf6 Bxf6 21.
Red1 a5 22.Nb5 Be7 23.g4 a4 24.h4 Qa6 25.g5 Rc5 26.Nd4 Qxe2 27.Rxe2 hxg5 
28.hxg5 e5 29.Nf3 exf4 30.e5 Bf8 31.Red2 g6 32.Rd4 Rb5 33.exd6 Rb6 34.Rxf4
Rbxd6 35.Rxd6 Rxd6 36.Kc1 Rd5 37.c4 bxc3 38.bxc3 a3 39.c4 Rd3 40.Kc2 Re3 
41.Kd2 Rb3 42.Nd4 Rb2+ 43.Nc2 f5 44.Rf3 Rxa2 45.Kd1 Kf7 46.Re3 Be7 47.Rc3 
Bc5 48.Rd3 Be7 49.Rc3 Bc5 50.Rd3 Rb2 51.Nxa3 Rg2 52.Nb5 f4 53.Nd6+ Bxd6 
54.Rxd6 Rxg5 55.Ke2 Re5+ 56.Kf3 g5 57.Kg4 Ke7 58.Ra6 Kd7 59.Rb6 Re6 60.Rb5
Rg6 61.Ra5 Kc7 62.Rd5 Kc6 63.Ra5 Rg7 64.Rf5 Kd6 65.Rd5+ Ke6 66.Ra5 Rf7 67.
Kf3 1/2-1/2

[Event "candidates sf (w)"]
[Site "Tallinn URS"]
[Date "1977.??.??"]
[Round "1.6"]
[White "Chiburdanidze, Maia"]
[Black "Akhmylovskaya, Elena"]
[Result "0-1"]
[WhiteElo "2340"]
[BlackElo "2280"]
[EventDate "1977.09.??"]
[PlyCount "152"]

1.e4 e5 2.Nf3 Nc6 3.Bb5 a6 4.Ba4 Nf6 5.O-O Be7 6.Re1 b5 7.Bb3 d6 8.c3 O-O 
9.h3 h6 10.d4 Re8 11.Nbd2 Bf8 12.Nf1 Bb7 13.Ng3 Na5 14.Bc2 Nc4 15.b3 Nb6 
16.Bb2 c5 17.dxc5 dxc5 18.c4 Nbd7 19.Qe2 b4 20.Rad1 Qa5 21.Bb1 Re6 22.Nf5 
Rae8 23.Ne3 Nb8 24.Nd5 Nc6 25.Qd3 Qd8 26.Re2 Qb8 27.Nh2 Nh5 28.Ng4 Nd4 29.
Ree1 g6 30.Qd2 Kh7 31.Bc1 g5 32.Nge3 Nf4 33.Kh1 a5 34.Nf5 Ra6 35.Qe3 Bc8 
36.Nxd4 cxd4 37.Qf3 Bg7 38.Nxf4 gxf4 39.Bd3 Rg6 40.Be2 Rg8 41.Qd3 Qc7 42.
Rg1 Qe7 43.g3 fxg3 44.Rxg3 Rxg3 45.Qxg3 Bf8 46.Qf3 Qh4 47.Qxf7+ Rg7 48.Qh5
Qxf2 49.Qf3 Qxf3+ 50.Bxf3 Bxh3 51.Kh2 Bg4 52.Kg3 Bh5+ 53.Kf2 Rf7 54.Rd3 
Bg6 55.Ke2 Be7 56.Bd2 Bg5 57.Be1 Kg7 58.Bg3 Kf6 59.Rd1 h5 60.Rh1 Rh7 61.
Rg1 Re7 62.Rh1 d3+ 63.Kd1 a4 64.Bh4 Bxh4 65.Rxh4 axb3 66.axb3 Kg5 67.Rh1 
Kf4 68.Bxh5 Bxh5+ 69.Rxh5 Kxe4 70.Kd2 Kd4 71.Rh8 Rg7 72.Rd8+ Ke4 73.Rd5 
Rg2+ 74.Kc1 Rc2+ 75.Kb1 Rc3 76.Kb2 Kf4 0-1

[Event "candidates sf (w)"]
[Site "Tallinn URS"]
[Date "1977.??.??"]
[Round "1.7"]
[White "Akhmylovskaya, Elena"]
[Black "Chiburdanidze, Maia"]
[Result "1/2-1/2"]
[WhiteElo "2280"]
[BlackElo "2340"]
[EventDate "1977.09.??"]
[PlyCount "81"]

1.c4 g6 2.g3 Bg7 3.Bg2 c5 4.Nc3 Nc6 5.Nf3 e6 6.O-O Nge7 7.d3 O-O 8.Bf4 d5 
9.Qc1 b6 10.cxd5 Nxd5 11.Bh6 Bb7 12.Bxg7 Kxg7 13.Qd2 e5 14.Rab1 Qd7 15.a3 
Rfe8 16.Ng5 Nxc3 17.bxc3 h6 18.Nf3 Rad8 19.Qe3 Na5 20.Ne1 Bxg2 21.Nxg2 c4 
22.Rfd1 Qa4 23.Qc1 cxd3 24.exd3 Nc6 25.Ne3 Rd7 26.d4 exd4 27.Ng4 g5 28.
cxd4 Rxd4 29.Qc3 Qc4 30.Qxc4 Rxc4 31.Ne3 Rc5 32.Rd6 Rd8 33.Rbd1 Rxd6 34.
Rxd6 h5 35.h3 Kf8 36.Rh6 Nd4 37.Rxh5 Rc3 38.Kg2 Ne6 39.a4 Ra3 40.Nf5 Ke8 
41.Rh8+ 1/2-1/2

[Event "candidates sf (w)"]
[Site "Tallinn URS"]
[Date "1977.??.??"]
[Round "1.8"]
[White "Chiburdanidze, Maia"]
[Black "Akhmylovskaya, Elena"]
[Result "1/2-1/2"]
[WhiteElo "2340"]
[BlackElo "2280"]
[EventDate "1977.09.??"]
[PlyCount "51"]

1.Nf3 Nf6 2.g3 d5 3.Bg2 e6 4.O-O Be7 5.d3 c5 6.Nbd2 Nc6 7.e4 dxe4 8.dxe4 
e5 9.c3 h6 10.Qc2 Be6 11.Re1 O-O 12.Bf1 a6 13.Nc4 Qc7 14.Ne3 Rfd8 15.b3 
Bf8 16.Bb2 b5 17.Rad1 Rxd1 18.Rxd1 Rd8 19.Rxd8 Qxd8 20.Qd3 Qxd3 21.Bxd3 g6
22.Nd2 Bd6 23.a4 Na7 24.axb5 axb5 25.f3 Ne8 26.Kf2 1/2-1/2

[Event "candidates sf (w)"]
[Site "Tallinn URS"]
[Date "1977.??.??"]
[Round "1.9"]
[White "Akhmylovskaya, Elena"]
[Black "Chiburdanidze, Maia"]
[Result "1-0"]
[WhiteElo "2280"]
[BlackElo "2340"]
[EventDate "1977.09.??"]
[PlyCount "93"]

1.c4 g6 2.g3 Bg7 3.Bg2 e5 4.Nc3 d6 5.Rb1 f5 6.e3 Nf6 7.d4 O-O 8.Nge2 Nc6 
9.b4 exd4 10.exd4 Ne4 11.Nd5 Ne7 12.Bxe4 fxe4 13.Bg5 Rf7 14.Nxe7+ Rxe7 15.
Nf4 Qe8 16.Bxe7 Qxe7 17.O-O Bf5 18.Rb3 Qd7 19.d5 Bg4 20.Qc2 Bf3 21.Ne6 c6 
22.Rxf3 exf3 23.Qe4 cxd5 24.cxd5 Be5 25.Rc1 Rc8 26.Rxc8+ Qxc8 27.Qxf3 b5 
28.Kg2 Bg7 29.Qd3 a6 30.Nxg7 Kxg7 31.Qd4+ Kg8 32.Qf6 Qc4 33.Qxd6 Qe4+ 34.
Kf1 Qb1+ 35.Kg2 Qe4+ 36.f3 Qc2+ 37.Kh3 Qf5+ 38.Kg2 Qc2+ 39.Kh3 Qf5+ 40.g4 
Qxf3+ 41.Kh4 Kg7 42.Qe7+ Kg8 43.Qe8+ Kg7 44.Qe5+ Qf6+ 45.Qxf6+ Kxf6 46.d6 
h6 47.g5+ 1-0

[Event "candidates sf (w)"]
[Site "Tallinn URS"]
[Date "1977.??.??"]
[Round "1.10"]
[White "Chiburdanidze, Maia"]
[Black "Akhmylovskaya, Elena"]
[Result "1-0"]
[WhiteElo "2340"]
[BlackElo "2280"]
[EventDate "1977.09.??"]
[PlyCount "77"]

1.c4 Nf6 2.Nf3 b6 3.g3 Bb7 4.Bg2 e6 5.O-O Be7 6.Nc3 O-O 7.d4 d5 8.cxd5 
exd5 9.Ne5 h6 10.Bf4 Re8 11.Qb3 Nbd7 12.Rfd1 Nf8 13.e4 c6 14.Rac1 Ne6 15.
Be3 Nf8 16.h4 a6 17.Ne2 b5 18.Nf4 Qd6 19.Nxc6 dxe4 20.d5 N8d7 21.Na5 Qb8 
22.Nxb7 Qxb7 23.d6 Bd8 24.Nd5 Nxd5 25.Qxd5 Qxd5 26.Rxd5 Nf6 27.Rdd1 Ba5 
28.Bh3 h5 29.Rc6 Ng4 30.Bxg4 hxg4 31.d7 Reb8 32.Bc5 b4 33.Bd6 Rd8 34.Be7 
Rdb8 35.Rd5 Bd8 36.Rc8 Kh7 37.Bxd8 Rxc8 38.dxc8=Q Rxc8 39.Bg5 1-0

[Event "candidates sf (w)"]
[Site "Tallinn URS"]
[Date "1977.??.??"]
[Round "1.11"]
[White "Akhmylovskaya, Elena"]
[Black "Chiburdanidze, Maia"]
[Result "0-1"]
[WhiteElo "2280"]
[BlackElo "2340"]
[EventDate "1977.09.??"]
[PlyCount "81"]

1.d4 Nf6 2.Nf3 g6 3.g3 Bg7 4.Bg2 O-O 5.O-O d6 6.c4 Nc6 7.d5 Na5 8.Nfd2 c5 
9.Nc3 e5 10.a3 b6 11.b4 Nb7 12.Rb1 Ng4 13.h3 Nh6 14.Nde4 f6 15.Bd2 Nf7 16.
bxc5 Nxc5 17.Nxc5 bxc5 18.e4 Bh6 19.Bxh6 Nxh6 20.Qa4 Nf7 21.Nb5 f5 22.exf5
Bxf5 23.Rb2 Qd7 24.Nc3 Qxa4 25.Nxa4 Rab8 26.Ra1 Bd7 27.Rxb8 Rxb8 28.Nc3 
Rb3 29.Nd1 Kg7 30.Ne3 Kf6 31.Ra2 Bf5 32.h4 Nh6 33.Bf3 Bb1 34.Ra1 Nf5 35.
Bd1 Rb2 36.Ba4 Nxe3 37.fxe3 Kf5 38.Bd7+ Ke4 39.a4 Bd3 40.a5 Kxe3 41.Ra3 
0-1

[Event "candidates sf (w)"]
[Site "Tallinn URS"]
[Date "1977.??.??"]
[Round "1.12"]
[White "Chiburdanidze, Maia"]
[Black "Akhmylovskaya, Elena"]
[Result "1/2-1/2"]
[WhiteElo "2340"]
[BlackElo "2280"]
[EventDate "1977.09.??"]
[PlyCount "177"]

1.Nf3 f5 2.d4 Nf6 3.g3 e6 4.Bg2 Be7 5.O-O d5 6.Ne5 O-O 7.c4 c6 8.b3 Nbd7 
9.f4 Ne4 10.Ba3 Bxa3 11.Nxa3 Nxe5 12.fxe5 Bd7 13.Nc2 Be8 14.e3 Bg6 15.Qe1 
Bh5 16.c5 Qg5 17.Nb4 Bg4 18.Nd3 Qh6 19.b4 a5 20.bxa5 Ra7 21.Nc1 Rfa8 22.
Nb3 Qh5 23.Qb4 Be2 24.Rfe1 Ng5 25.Qd2 Nf3+ 26.Bxf3 Bxf3 27.Rab1 g5 28.Qf2 
Be4 29.Rb2 Qg6 30.Nd2 Bd3 31.Rd1 Qh5 32.Qf3 Qg6 33.Qf2 h5 34.Nf3 Be4 35.
Nd2 Bd3 36.Nf3 Bb5 37.h4 gxh4 38.Nxh4 Qg4 39.Qf3 Rxa5 40.Qxg4+ hxg4 41.
Rdd2 Ra3 42.Ng2 Kf7 43.Kf2 Rh8 44.Nh4 Kg7 45.Rb1 Rh5 46.Rb3 Ra4 47.Kg1 Rc4
48.Rb1 Rc3 49.Kf2 Kh6 50.Rbd1 Kg5 51.Rb1 Ra3 52.Rbd1 Kh6 53.Rb1 Rc3 54.
Rbd1 Kg7 55.Rb1 Rh6 56.Rbd1 Kf7 57.Rb1 Ke7 58.Rb4 Rc1 59.Rdb2 Kf8 60.a3 
Rh7 61.Rb1 Rc2+ 62.Kg1 Re2 63.R4b3 Ke8 64.R1b2 Re1+ 65.Kf2 Rf1+ 66.Kg2 Rc1
67.Rb1 Rc2+ 68.Kg1 Kd8 69.R3b2 Rc4 70.Rb4 Kc8 71.Rxc4 dxc4 72.Rc1 Kc7 73.
a4 Ba6 74.Rb1 c3 75.Rc1 f4 76.exf4 Rd7 77.Rxc3 Rxd4 78.Kf2 Rxa4 79.Ke3 Kd7
80.Kd2 Rd4+ 81.Ke3 Ra4 82.Kd2 Rd4+ 83.Ke3 Rd1 84.Ke4 Re1+ 85.Kd4 Rf1 86.
Ng2 Rg1 87.Nh4 Kc7 88.f5 exf5 89.Nxf5 1/2-1/2

[Event "candidates sf (w)"]
[Site "Berlin West GER"]
[Date "1977.??.??"]
[Round "1.1"]
[White "Kushnir, Alla"]
[Black "Fatalibekova, Elena"]
[Result "1-0"]
[WhiteElo "2345"]
[BlackElo "2290"]
[EventDate "1977.09.??"]
[PlyCount "121"]

1.d4 d5 2.c4 e6 3.Nf3 Nf6 4.Nc3 c6 5.Bg5 h6 6.Bxf6 Qxf6 7.e3 Nd7 8.Bd3 Qd8
9.O-O Be7 10.Qe2 O-O 11.e4 dxc4 12.Bxc4 b5 13.Bd3 b4 14.Na4 Bb7 15.Rac1 
Qa5 16.b3 Rfd8 17.Rfd1 c5 18.d5 exd5 19.exd5 Bf8 20.Bc4 Nf6 21.Ne5 Bd6 22.
Nc6 Bxc6 23.dxc6 Qc7 24.Qf3 Bxh2+ 25.Kf1 Bf4 26.Rxd8+ Rxd8 27.Rc2 Bd6 28.
Bd3 Bf8 29.Nxc5 Qe5 30.c7 Rc8 31.Na6 Qa1+ 32.Ke2 Re8+ 33.Qe3 Rxe3+ 34.fxe3
Qg1 35.c8=Q Qxg2+ 36.Ke1 Qg1+ 37.Kd2 Nd5 38.Qh3 Nc3 39.Qf1 Ne4+ 40.Kd1 
Qxe3 41.Bxe4 Qxe4 42.Qe2 Qd4+ 43.Kc1 Bd6 44.Rc8+ Kh7 45.Kc2 g6 46.Qe8 Qf2+
47.Kd3 Qf5+ 48.Kc4 Qf1+ 49.Kd5 Qd3+ 50.Kc6 Qxa6+ 51.Kd7 Qb5+ 52.Kxd6 Qxe8 
53.Rxe8 g5 54.Ke5 Kg6 55.Rg8+ Kh5 56.Kf5 Kh4 57.Rg7 a5 58.Rxf7 Kg3 59.Rh7 
Kf3 60.Rxh6 g4 61.Ke5 1-0

[Event "candidates sf (w)"]
[Site "Berlin West GER"]
[Date "1977.??.??"]
[Round "1.2"]
[White "Fatalibekova, Elena"]
[Black "Kushnir, Alla"]
[Result "0-1"]
[WhiteElo "2290"]
[BlackElo "2345"]
[EventDate "1977.09.??"]
[PlyCount "76"]

1.e4 Nc6 2.d4 d5 3.Nc3 dxe4 4.d5 Ne5 5.Qd4 Ng6 6.Bc4 f5 7.Nge2 Nf6 8.h4 h5
9.Bg5 a6 10.O-O-O Qd6 11.f3 Bd7 12.fxe4 b5 13.exf5 Bxf5 14.Bd3 Bxd3 15.
Qxd3 Ne5 16.Qg3 Nc4 17.Qxd6 cxd6 18.b3 Ne5 19.Ng3 g6 20.Nce4 Nfg4 21.Rhf1 
Bh6 22.Bxh6 Nxh6 23.Kd2 Kd7 24.c3 a5 25.Rde1 Rhc8 26.Ne2 a4 27.Nd4 axb3 
28.axb3 Ra2+ 29.Nc2 Nf5 30.Rh1 b4 31.Ra1 bxc3+ 32.Nxc3 Rxc2+ 33.Kxc2 Nd4+ 
34.Kb2 Nd3+ 35.Kb1 Rxc3 36.Ra7+ Ke8 37.Rf1 Rxb3+ 38.Ka2 Nb4+ 0-1

[Event "candidates sf (w)"]
[Site "Berlin West GER"]
[Date "1977.??.??"]
[Round "1.3"]
[White "Kushnir, Alla"]
[Black "Fatalibekova, Elena"]
[Result "1/2-1/2"]
[WhiteElo "2345"]
[BlackElo "2290"]
[EventDate "1977.09.??"]
[PlyCount "60"]

1.d4 d5 2.c4 e6 3.Nf3 Nf6 4.Nc3 c6 5.Qb3 Nbd7 6.Bg5 h6 7.Bh4 Qb6 8.Qc2 g5 
9.Bg3 g4 10.c5 Qa5 11.Nd2 Nh5 12.e4 Nxg3 13.hxg3 Bg7 14.O-O-O Qd8 15.Nb3 
a5 16.Na4 O-O 17.exd5 exd5 18.Bd3 Rb8 19.Qd2 Qf6 20.Qf4 Qxf4+ 21.gxf4 b5 
22.cxb6 Nxb6 23.Nxb6 Rxb6 24.Bc2 Bd7 25.Nc5 Bc8 26.a3 Re8 27.Rd2 Kf8 28.
Nb3 Ra6 29.Nc5 Rb6 30.Nb3 Ra6 1/2-1/2

[Event "candidates sf (w)"]
[Site "Berlin West GER"]
[Date "1977.??.??"]
[Round "1.4"]
[White "Fatalibekova, Elena"]
[Black "Kushnir, Alla"]
[Result "1-0"]
[WhiteElo "2290"]
[BlackElo "2345"]
[EventDate "1977.09.??"]
[PlyCount "56"]

1.e4 c6 2.d4 d5 3.exd5 cxd5 4.c4 Nf6 5.Nc3 Nc6 6.Nf3 Bg4 7.cxd5 Nxd5 8.Qb3
Bxf3 9.gxf3 Nb6 10.Be3 e6 11.Rg1 g6 12.O-O-O Bg7 13.d5 Nxd5 14.Nxd5 exd5 
15.Bc5 Qc7 16.Rxd5 Bd4 17.Rxd4 Nxd4 18.Qa4+ Nc6 19.Bh3 f5 20.Re1+ Kd8 21.
Kb1 Kc8 22.Rc1 Rd8 23.Bf1 a6 24.Be3 Qe5 25.Bf4 Qf6 26.Qa5 Rd7 27.Bb5 g5 
28.Bxc6 gxf4 1-0

[Event "candidates sf (w)"]
[Site "Berlin West GER"]
[Date "1977.??.??"]
[Round "1.5"]
[White "Kushnir, Alla"]
[Black "Fatalibekova, Elena"]
[Result "1/2-1/2"]
[WhiteElo "2345"]
[BlackElo "2290"]
[EventDate "1977.09.??"]
[PlyCount "72"]

1.d4 d5 2.c4 e6 3.Nf3 Nf6 4.Nc3 c6 5.Qb3 Be7 6.Bf4 O-O 7.e3 Nbd7 8.Be2 
dxc4 9.Qxc4 Nd5 10.Bg3 Qb6 11.O-O Qxb2 12.Rac1 N7b6 13.Qd3 Nb4 14.Qd1 Nxa2
15.Nxa2 Qxa2 16.e4 e5 17.Nxe5 Be6 18.f4 Qb3 19.f5 Qxd1 20.Bxd1 Bc8 21.Bb3 
Nd7 22.Nc4 c5 23.Bd6 Bxd6 24.Nxd6 cxd4 25.Rc7 Ne5 26.Re7 Nc6 27.Bxf7+ Kh8 
28.Rc7 Rd8 29.Nxc8 Raxc8 30.Rxb7 d3 31.Bd5 a5 32.Bxc6 Rxc6 33.Rd1 Kg8 34.
Ra7 Rc5 35.Kf2 d2 36.Ke3 Rc3+ 1/2-1/2

[Event "candidates sf (w)"]
[Site "Berlin West GER"]
[Date "1977.??.??"]
[Round "1.6"]
[White "Fatalibekova, Elena"]
[Black "Kushnir, Alla"]
[Result "1/2-1/2"]
[WhiteElo "2290"]
[BlackElo "2345"]
[EventDate "1977.09.??"]
[PlyCount "46"]

1.e4 e6 2.d4 d5 3.Nc3 dxe4 4.Nxe4 Bd7 5.Nf3 Bc6 6.Bd3 Nd7 7.O-O Ngf6 8.Qe2
Nxe4 9.Bxe4 Bxe4 10.Qxe4 c6 11.b3 Be7 12.Bb2 O-O 13.c4 Qc7 14.Rfe1 Bf6 15.
Rad1 Rfd8 16.Re2 a5 17.a3 c5 18.Red2 a4 19.bxa4 cxd4 20.Bxd4 Qxc4 21.Qxb7 
Rab8 22.Qa7 Ra8 23.Qb7 Rab8 1/2-1/2

[Event "candidates sf (w)"]
[Site "Berlin West GER"]
[Date "1977.??.??"]
[Round "1.7"]
[White "Kushnir, Alla"]
[Black "Fatalibekova, Elena"]
[Result "0-1"]
[WhiteElo "2345"]
[BlackElo "2290"]
[EventDate "1977.09.??"]
[PlyCount "74"]

1.d4 d5 2.c4 e6 3.Nf3 Nf6 4.e3 c5 5.cxd5 exd5 6.Be2 Nc6 7.O-O cxd4 8.Nxd4 
Bd6 9.Nc3 O-O 10.b3 Be5 11.Nxc6 bxc6 12.Bb2 Ne4 13.Na4 Bxb2 14.Nxb2 Nc3 
15.Qc2 Nxe2+ 16.Qxe2 a5 17.Qc2 Qg5 18.Rac1 Re8 19.Nd3 Bf5 20.Qc3 Re6 21.
Nf4 Rh6 22.Qe5 Kf8 23.Ne2 Qh5 24.Qf4 Bd3 25.g4 Rg6 26.Ng3 Qh3 27.Rfe1 Be4 
28.f3 Rf6 29.Qxf6 gxf6 30.fxe4 a4 31.b4 Qxg4 32.Rxc6 h5 33.Kf2 dxe4 34.
Rxf6 h4 35.Ne2 Rc8 36.Nf4 Rc2+ 37.Ne2 h3 0-1

[Event "candidates sf (w)"]
[Site "Berlin West GER"]
[Date "1977.??.??"]
[Round "1.8"]
[White "Fatalibekova, Elena"]
[Black "Kushnir, Alla"]
[Result "0-1"]
[WhiteElo "2290"]
[BlackElo "2345"]
[EventDate "1977.09.??"]
[PlyCount "87"]

1.e4 d5 2.exd5 Nf6 3.c4 c6 4.d4 cxd5 5.Nc3 e6 6.Nf3 Bb4 7.cxd5 Nxd5 8.Qc2 
Nc6 9.Bd3 Nf6 10.O-O Be7 11.a3 O-O 12.Re1 Nxd4 13.Nxd4 Qxd4 14.Bg5 h6 15.
Rad1 Qg4 16.Bxf6 Bxf6 17.Ne4 Be7 18.Qc7 Bd8 19.Qd6 Bb6 20.Bc2 Qh4 21.b4 
Rd8 22.Qe5 Bd7 23.Rd3 Bc6 24.Rg3 Bd4 25.Rxg7+ Kf8 26.Qg3 Qxg3 27.Rxg3 a5 
28.Nc3 axb4 29.axb4 Ke7 30.h3 Rg8 31.Ne2 Bb6 32.Rxg8 Rxg8 33.g3 Ra8 34.Bd3
Ra2 35.Rc1 Bf3 36.Kf1 Rb2 37.b5 Rd2 38.Bc4 Kf6 39.Ke1 Rb2 40.Kd1 Ba5 41.
Rc2 Rb1+ 42.Rc1 Rxc1+ 43.Kxc1 Be1 44.Nf4 0-1

[Event "candidates sf (w)"]
[Site "Berlin West GER"]
[Date "1977.??.??"]
[Round "1.9"]
[White "Kushnir, Alla"]
[Black "Fatalibekova, Elena"]
[Result "1-0"]
[WhiteElo "2345"]
[BlackElo "2290"]
[EventDate "1977.09.??"]
[PlyCount "71"]

1.d4 d5 2.c4 e6 3.Nc3 c6 4.e3 Nf6 5.Nf3 Nbd7 6.Bd3 dxc4 7.Bxc4 b5 8.Bd3 b4
9.Na4 c5 10.dxc5 Nxc5 11.Nxc5 Bxc5 12.O-O O-O 13.e4 Bb7 14.Qe2 Nd7 15.Bf4 
f6 16.Rac1 Qe7 17.Ba6 Bxa6 18.Qxa6 e5 19.Bd2 Rfd8 20.Rfd1 Nf8 21.Qc4+ Ne6 
22.Be3 Bxe3 23.fxe3 g6 24.Rd5 Kg7 25.Rcd1 Rxd5 26.exd5 Rd8 27.Rc1 Nf8 28.
e4 g5 29.Ne1 Ng6 30.g3 Kh6 31.Ng2 Qd7 32.Ne3 Ne7 33.Qxb4 Rc8 34.Rxc8 Nxc8 
35.Qf8+ Kg6 36.Nf5 1-0

[Event "candidates sf (w)"]
[Site "Berlin West GER"]
[Date "1977.??.??"]
[Round "1.10"]
[White "Fatalibekova, Elena"]
[Black "Kushnir, Alla"]
[Result "0-1"]
[WhiteElo "2290"]
[BlackElo "2345"]
[EventDate "1977.09.??"]
[PlyCount "62"]

1.e4 d5 2.exd5 Nf6 3.Bb5+ Bd7 4.Be2 Nxd5 5.d4 Bf5 6.Nf3 e6 7.a3 Nc6 8.h3 
Be7 9.c4 Nb6 10.Nc3 Bf6 11.Be3 h6 12.b4 Qe7 13.b5 Na5 14.c5 Nd5 15.Bd2 b6 
16.c6 Qd6 17.Nxd5 Qxd5 18.Bxa5 bxa5 19.Qa4 O-O 20.O-O a6 21.bxa6 Be4 22.
Rac1 Be7 23.Rc3 Rfb8 24.Rfc1 Rb2 25.Bf1 Bd6 26.Ne5 Rd2 27.Rc4 f6 28.Ng4 h5
29.Qb3 hxg4 30.Qb7 Qf5 31.Qxa8+ Kh7 0-1